Réseau scolaire et moyenne montagne: les écoles des hautes terres du Puy-de-Dôme
Guardat en:
| Autor principal: | |
|---|---|
| Format: | Llibre |
| Idioma: | francès |
| Publicat: |
Clermont-Ferrand
CERAMAC
2000
|
| Matèries: | |
| Etiquetes: |
Afegir etiqueta
Sense etiquetes, Sigues el primer a etiquetar aquest registre!
|
MARC
| LEADER | 00000nam a2200000 a 4500 | ||
|---|---|---|---|
| 001 | UCM2194 | ||
| 003 | CL-VaPUC | ||
| 008 | 020425e20000000fr |||||||||||||||||fre|d | ||
| 082 | 0 | 4 | |a 370.9 |b LAC |2 21 |
| 100 | 0 | |a Lacouture, Madeleine |e author |9 468962 | |
| 245 | 1 | 0 | |a Réseau scolaire et moyenne montagne: les écoles des hautes terres du Puy-de-Dôme |
| 300 | |a 547 p | ||
| 942 | |c BK | ||
| 945 | |d 20020425 00:00:00 |a cmena | ||
| 260 | |a Clermont-Ferrand |b CERAMAC |c 2000 | ||
| 650 | 7 | |a EDUCACION COMPARADA |2 CL-VaPUC |9 307694 | |
| 650 | 0 | |a Escuelas rurales |9 310468 | |
| 650 | 0 | |a Educación rural |9 308104 | |
| 583 | |a last modification |c 20170913 12:54:01 |k Rodrigo Vera | ||
| 999 | |c 300169 |d 300167 | ||
| 952 | |0 0 |1 0 |4 0 |6 370_900000000000000_LAC_2000 |7 0 |8 P |9 357607 |a BIBEDU |b BIBEDU |c BIBEDU_PB |d 2019-11-21 |i 3801055 |o 370.9 LAC 2000 |p 3801055 |r 2024-01-25 |w 2019-11-21 |y BK |k BME | ||